000 00328nam a2200133Ia 4500
005 20251222141907.0
008 251222s9999||||xx |||||||||||||| ||spa||
020 _a978-84-7197-974-2
082 _a371.39/O73
100 _aOrtega Osuna, José Luis
245 0 _aCompetencias Básicas:
264 _bWolters Kluwer
942 _cLIB
999 _c8260
_d8260